| 000 | 00767nam a2200241Ia 4500 | ||
|---|---|---|---|
| 003 | OSt | ||
| 005 | 20250531103842.0 | ||
| 008 | 210716s2012 xx 000 0 und d | ||
| 020 | _a9780007252046 | ||
| 040 | _cAIMIT LIBRARY | ||
| 041 | _aeng | ||
| 082 |
_a658.4095 _21 _bBLAK |
||
| 100 |
_aBlanchard, Ken. _9211999 |
||
| 245 |
_aOne minute manager meets the monkey / _cBy Ken Blanchard ; William Oncken and Hal Burrows. |
||
| 250 | _a1st ed. | ||
| 260 |
_aIndia : _bHarper Collins Publishers India ; _c2012. |
||
| 300 |
_a136p. ; _bPB _c22 cm. |
||
| 650 |
_aLeadership and the one minute manager _9212000 |
||
| 650 |
_aRaving fans _9212001 |
||
| 700 |
_aOncken, William. _9212002 |
||
| 700 |
_aBurrows, HAL. _9212003 |
||
| 942 |
_2ddc _cBK _e1st ed. _k658.4095 BLAK |
||
| 999 |
_c208839 _d208839 |
||